000 00503nam a2200181Ia 4500
008 230612s9999 xx 000 0 und d
041 _aeng
082 _a621.381 BHU
100 _aBhutiyani R.S.
245 _aDigital Electronics And Logic Design
260 _c1991
_bEverest Publishing House Publishing House
300 _a353
_cRef 101 E( 1501)
365 _cRs.
_b70.00
500 _a101 E
700 _aBhutiyani R.S.
906 _dB:658408-Jan-1993
_cETC
_b10.5
999 _c165783
_d165783